[Event "4NCL Online Division 1"]
[Site "online"]
[Date "2020.04.14"]
[Round "2.21"]
[White "Lewis, Andrew P"]
[Black "Taylor, Adam C"]
[Result "1-0"]
[WhiteElo "2243"]
[BlackElo "2347"]
[PlyCount "105"]
[EventDate "2020.04.14"]
[WhiteTeam "Anglian Avengers 1"]
[BlackTeam "Wood Green Monarchs"]

1. c4 e5 2. Nc3 Nf6 3. Nf3 Nc6 4. e4 Bc5 5. Nxe5 Nxe5 6. d4 Bb4 7. dxe5 Nxe4 8.
Qd4 Nxc3 9. bxc3 Be7 10. Qg4 g6 11. Bh6 d6 12. Qd4 Be6 13. Rd1 Bg5 14. exd6 Bf6
15. dxc7 Qe7 16. Qe3 Rc8 17. Bf4 Bg4 18. Qxe7+ Kxe7 19. f3 Bxc3+ 20. Kf2 Be6
21. c5 Ba5 22. c6 Bb6+ 23. Kg3 Bxc7 24. cxb7 Bxf4+ 25. Kxf4 Rc2 26. Bd3 Rxg2
27. Rb1 Rb8 28. Rhc1 Rxa2 29. Rc2 Rxc2 30. Bxc2 Kd6 31. Be4 f6 32. Rd1+ Kc7 33.
Rc1+ Kd6 34. Rd1+ Ke7 35. h4 Bd7 36. Ra1 f5 37. Bd5 Kd6 38. Ra5 a6 39. Ke3 Bb5
40. Kd4 Re8 41. Ra1 Kc7 42. f4 Kb8 43. Kc5 Re2 44. h5 Kc7 45. Rc1 Re8 46. hxg6
hxg6 47. Rh1 Bd7 48. Rh7 a5 49. Bc6 Rd8 50. Rxd7+ Rxd7 51. Bxd7 Kxb7 52. Kd5
Kc7 53. Be8 1-0

[Event "4NCL Online Division 1"]
[Site "online"]
[Date "2020.04.14"]
[Round "2.22"]
[White "Houska, Jovanka"]
[Black "Plueg, Andreas"]
[Result "1/2-1/2"]
[WhiteElo "2381"]
[BlackElo "2260"]
[PlyCount "163"]
[EventDate "2020.04.14"]
[WhiteTeam "Wood Green Monarchs"]
[BlackTeam "Anglian Avengers 1"]

1. d4 Nf6 2. Nf3 d5 3. Bf4 c5 4. e3 Nc6 5. Nbd2 cxd4 6. exd4 Bg4 7. c3 e6 8. h3
Bxf3 9. Nxf3 Bd6 10. Be3 O-O 11. Bd3 Rb8 12. a4 a6 13. Qe2 Re8 14. O-O e5 15.
dxe5 Nxe5 16. Nxe5 Bxe5 17. Qf3 Qc7 18. Rfe1 h6 19. a5 Re6 20. Bf5 Re7 21. Bb6
Qd6 22. Re2 Rbe8 23. Rae1 g6 24. Bc2 Bh2+ 25. Kh1 Rxe2 26. Rxe2 Rxe2 27. Qxe2
Be5 28. Qe3 Kg7 29. g3 g5 30. Bf5 d4 31. cxd4 Qd5+ 32. Kg1 Bxg3 33. Bc2 Bf4 34.
Qd3 Qa2 35. b3 Qa1+ 36. Kg2 Qe1 37. Qf5 Bd6 38. Bd8 Be7 39. Bc7 Qe6 40. Be5 Kf8
41. Qf3 g4 42. hxg4 Qxg4+ 43. Qxg4 Nxg4 44. Bc7 Nf6 45. Bf5 Ne8 46. Bf4 Bg5 47.
Bb8 Ke7 48. Be4 Nd6 49. Bxd6+ Kxd6 50. Bxb7 Bd2 51. Bxa6 Bxa5 52. Bc4 f6 53.
Kf3 Bc3 54. Ke4 h5 55. Bf1 h4 56. f3 Be1 57. Bh3 Ba5 58. Kd3 Kd5 59. f4 Bc7 60.
f5 Ba5 61. Bg2+ Kd6 62. Kc4 Be1 63. b4 Bd2 64. b5 Ba5 65. Kb3 Bb6 66. Kc4 Ba5
67. Kd3 Bb6 68. Ke3 Ba7 69. Ke4 Bb6 70. Bf1 Ba7 71. Kd3 Bb6 72. Kc4 Ba7 73. Bg2
Bb6 74. Bh3 Ba7 75. Kd3 Bb6 76. Ke4 Ba7 77. Bf1 Bb6 78. Kd3 Ba7 79. Kc4 Bb6 80.
Kd3 Ba7 81. Kc3 Bb6 82. Kd3 1/2-1/2

[Event "4NCL Online Division 1"]
[Site "online"]
[Date "2020.04.14"]
[Round "2.23"]
[White "Kanellopoulos, Panayotis"]
[Black "York-Weaving, Richard"]
[Result "0-1"]
[WhiteElo "2265"]
[BlackElo "2343"]
[PlyCount "72"]
[EventDate "2020.04.14"]
[WhiteTeam "Anglian Avengers 1"]
[BlackTeam "Wood Green Monarchs"]

1. c4 e5 2. g3 Nf6 3. Bg2 c6 4. d4 exd4 5. Qxd4 d5 6. Nf3 Be6 7. cxd5 cxd5 8.
O-O Nc6 9. Qa4 Bc5 10. a3 O-O 11. b4 Bb6 12. Bb2 Re8 13. b5 Na5 14. e3 Ne4 15.
Nbd2 Nc4 16. Nxc4 dxc4 17. Rad1 Qc8 18. Bd4 Bxd4 19. Rxd4 Nc3 20. Qc2 Nxb5 21.
Rh4 Bf5 22. e4 Bg6 23. a4 Nd6 24. Nd2 Qc5 25. Qc3 Rac8 26. Rc1 f6 27. Kf1 Bf7
28. f4 a6 29. e5 Nf5 30. Bh3 Nxh4 31. Bxc8 Qxc8 32. gxh4 fxe5 33. fxe5 Qf5+ 34.
Kg1 Qxe5 35. a5 Qc5+ 36. Kf1 Re3 0-1

[Event "4NCL Online Division 1"]
[Site "online"]
[Date "2020.04.14"]
[Round "2.24"]
[White "Fitzsimons, David"]
[Black "Talsma, Paul"]
[Result "0-1"]
[WhiteElo "2334"]
[BlackElo "2177"]
[PlyCount "56"]
[EventDate "2020.04.14"]
[WhiteTeam "Wood Green Monarchs"]
[BlackTeam "Anglian Avengers 1"]

1. d4 Nf6 2. Nf3 c5 3. d5 e6 4. Nc3 b5 5. dxe6 fxe6 6. Nxb5 d5 7. e4 Nxe4 8.
Bd3 a6 9. Na3 Nf6 10. c4 Bd6 11. O-O O-O 12. Qe2 Nc6 13. Bg5 Rb8 14. Rad1 Qc7
15. b3 Nd4 16. Nxd4 cxd4 17. Nc2 Bxh2+ 18. Kh1 Bf4 19. Bxf4 Qxf4 20. g3 Qh6+
21. Kg1 Re8 22. Nxd4 e5 23. Nf5 Qh3 24. Ne3 e4 25. cxd5 Ng4 26. f3 Nxe3 27.
Qxe3 Qxg3+ 28. Kh1 Re5 0-1

[Event "4NCL Online Division 1"]
[Site "online"]
[Date "2020.04.14"]
[Round "2.31"]
[White "Redmond, John P"]
[Black "Collins, Sam E"]
[Result "0-1"]
[WhiteElo "2327"]
[BlackElo "2457"]
[PlyCount "108"]
[EventDate "2020.04.14"]
[WhiteTeam "Atticus A"]
[BlackTeam "Gonzaga"]

1. Nf3 d5 2. e3 Nf6 3. c4 e6 4. b3 c5 5. cxd5 exd5 6. Bb5+ Nc6 7. O-O Bd6 8. d4
cxd4 9. Qxd4 O-O 10. Bxc6 bxc6 11. Bb2 Re8 12. Nbd2 a5 13. Rac1 c5 14. Rxc5
Bxc5 15. Qxc5 Ba6 16. Rc1 Rc8 17. Qd4 Rxc1+ 18. Bxc1 Ne4 19. Bb2 Qf6 20. Qa4
Rc8 21. Qa3 Qc6 22. Nd4 Qc5 23. Nxe4 dxe4 24. Qxc5 Rxc5 25. g4 Bc8 26. h3 h5
27. Kh2 hxg4 28. hxg4 Bxg4 29. Kg3 Bc8 30. Kf4 Bb7 31. Ba3 Rh5 32. b4 Rh1 33.
bxa5 Ra1 34. Bb4 Rxa2 35. Kg3 Ra4 36. Bc3 f6 37. Nf5 Ba6 38. Nd4 Kf7 39. Kf4
Bd3 40. Kg3 Ra3 41. Bb4 Ra4 42. Bc3 g5 43. Nf5 Ra3 44. Bb4 Ra4 45. Bc3 Be2 46.
Nd4 Bd1 47. Nf5 Bb3 48. Nd4 Be6 49. Bd2 Ra1 50. Bc3 Ra2 51. Bb4 Bd7 52. Bc3 Kg6
53. Bb4 f5 54. Bc3 f4+ 0-1

[Event "4NCL Online Division 1"]
[Site "online"]
[Date "2020.04.14"]
[Round "2.32"]
[White "Kanyamarala, Tarun"]
[Black "Kennaugh, Charles W"]
[Result "1-0"]
[WhiteElo "2384"]
[BlackElo "2249"]
[PlyCount "93"]
[EventDate "2020.04.14"]
[WhiteTeam "Gonzaga"]
[BlackTeam "Atticus A"]

1. e4 e5 2. Nf3 Nc6 3. d4 exd4 4. Nxd4 Bc5 5. Nb3 Bb6 6. Qe2 a5 7. a4 Nge7 8.
Be3 Bxe3 9. Qxe3 O-O 10. Nc3 d6 11. O-O-O Be6 12. Nc5 Bg4 13. f3 Qc8 14. Nd3
Be6 15. g4 Ne5 16. Nf4 Bc4 17. h4 Bxf1 18. Rhxf1 Qd7 19. Rh1 c6 20. Nh5 Kh8 21.
Qe2 f6 22. Rhg1 Qe6 23. f4 Nf7 24. g5 f5 25. Qd3 fxe4 26. Nxe4 Nf5 27. Rge1 Qg6
28. Nhg3 Nxg3 29. Qxg3 Rae8 30. Nf2 d5 31. Qg4 Nd6 32. h5 Qf5 33. Qxf5 Nxf5 34.
Ng4 Ng3 35. h6 Ne2+ 36. Kd2 Nxf4 37. Rxe8 Rxe8 38. Rf1 Ne6 39. Rf7 gxh6 40.
gxh6 Ng5 41. Rxb7 Rf8 42. Nf6 Rd8 43. Ke3 Rf8 44. Kd4 Ne6+ 45. Ke5 Ng5 46. Rg7
Nf7+ 47. Ke6 1-0

[Event "4NCL Online Division 1"]
[Site "online"]
[Date "2020.04.14"]
[Round "2.33"]
[White "Kee, Steve"]
[Black "Delaney, Killian"]
[Result "1/2-1/2"]
[WhiteElo "2155"]
[BlackElo "2303"]
[PlyCount "142"]
[EventDate "2020.04.14"]
[WhiteTeam "Atticus A"]
[BlackTeam "Gonzaga"]

1. f4 d5 2. Nf3 Bg4 3. e3 Nc6 4. Bb5 Qd6 5. O-O O-O-O 6. d4 f6 7. c4 dxc4 8.
Qa4 Bxf3 9. Rxf3 e5 10. Bxc6 Qxc6 11. Qxc6 bxc6 12. fxe5 fxe5 13. Nd2 exd4 14.
exd4 Nf6 15. Nxc4 Rxd4 16. b3 Rd1+ 17. Rf1 Bc5+ 18. Be3 Bxe3+ 19. Nxe3 Rxa1 20.
Rxa1 Rd8 21. Nc4 Kb7 22. Rc1 c5 23. Kf2 Ne4+ 24. Ke2 Nd6 25. Ne3 Kb6 26. Nd5+
Kc6 27. Nf4 Nb5 28. Nd3 Nd4+ 29. Kf2 Rf8+ 30. Ke1 Re8+ 31. Kf1 Rf8+ 32. Ke1 Rf5
33. g4 Rg5 34. b4 Ne6 35. bxc5 Nxc5 36. h4 Kd6 37. Rc3 Nxd3+ 38. Rxd3+ Rd5 39.
Rg3 c5 40. h5 c4 41. g5 Kc5 42. h6 g6 43. Rf3 Rd7 44. Rf8 c3 45. Rb8 a5 46. Ke2
a4 47. Ke1 Kc4 48. Rc8+ Kb4 49. Ke2 Rd5 50. Rc7 Rxg5 51. Rxh7 Rg2+ 52. Kd3 Rd2+
53. Ke3 Rxa2 54. Rb7+ Kc4 55. Rc7+ Kb3 56. Rb7+ Ka3 57. h7 Rh2 58. Kd3 Rh3+ 59.
Kc2 Ka2 60. Rg7 a3 61. Rb7 g5 62. Rf7 g4 63. Rg7 g3 64. Rxg3 Rxh7 65. Kxc3 Rc7+
66. Kb4 Rb7+ 67. Ka4 Kb2 68. Rg2+ Kc3 69. Rg3+ Kb2 70. Rg2+ Kc3 71. Rg3+ Kb2
1/2-1/2

[Event "4NCL Online Division 1"]
[Site "online"]
[Date "2020.04.14"]
[Round "2.34"]
[White "Moran, Stephen"]
[Black "James, David J"]
[Result "1/2-1/2"]
[WhiteElo "2195"]
[BlackElo "2147"]
[PlyCount "79"]
[EventDate "2020.04.14"]
[WhiteTeam "Gonzaga"]
[BlackTeam "Atticus A"]

1. d4 Nf6 2. Bg5 e6 3. e4 h6 4. Bxf6 Qxf6 5. c3 d5 6. Bd3 c5 7. Nf3 Nc6 8. O-O
dxe4 9. Bxe4 Be7 10. dxc5 Bxc5 11. Nbd2 O-O 12. Bxc6 bxc6 13. Ne4 Qe7 14. Qa4
Bb7 15. Rad1 Rfd8 16. Nxc5 Qxc5 17. Rd4 Qb5 18. Qxb5 cxb5 19. Rfd1 Rxd4 20.
Rxd4 Bd5 21. a3 f6 22. Ne1 Kf7 23. Nc2 Ke7 24. Ne3 Rd8 25. f4 Bc6 26. Rxd8 Kxd8
27. Kf2 Ke7 28. g3 Kd6 29. Ke2 Be4 30. Nf1 e5 31. Ke3 Bg2 32. Nd2 Bd5 33. Ne4+
Kc6 34. fxe5 fxe5 35. Nf2 Kd6 36. Nd3 Bb7 37. Nc1 Bd5 38. Nd3 Bb7 39. Nc1 Bd5
40. Nd3 1/2-1/2

[Event "4NCL Online Division 1"]
[Site "online"]
[Date "2020.04.14"]
[Round "2.41"]
[White "Jackson, James P"]
[Black "Sterck, Arno"]
[Result "0-1"]
[WhiteElo "2386"]
[BlackElo "2259"]
[PlyCount "104"]
[EventDate "2020.04.14"]
[WhiteTeam "Barbican 4NCL"]
[BlackTeam "Grischuk Grizzlies"]

1. e4 e5 2. Nf3 Nc6 3. Bb5 a6 4. Ba4 Nf6 5. O-O Be7 6. Re1 b5 7. Bb3 O-O 8. a4
b4 9. d4 d6 10. dxe5 dxe5 11. Nbd2 Bc5 12. Qe2 h6 13. Bc4 Ng4 14. Rf1 Nd4 15.
Nxd4 Bxd4 16. Nb3 Qh4 17. h3 Ba7 18. Bd5 Rb8 19. hxg4 Bxg4 20. Qd3 c6 21. Bxc6
Rbd8 22. Bd5 Rxd5 23. Qxd5 Rd8 24. Qxd8+ Qxd8 25. Be3 Bxe3 26. fxe3 Qc7 27. Rf2
Qc6 28. a5 f6 29. Nc1 Qxe4 30. Nd3 b3 31. Nc5 Qxe3 32. Nxb3 h5 33. Nd2 h4 34.
Nf1 Qc5 35. c3 Be6 36. Ra4 g5 37. Rb4 g4 38. g3 f5 39. Rb6 f4 40. b4 Qc4 41.
gxf4 g3 42. Rd2 exf4 43. Rb7 Qc8 44. Re7 f3 45. Ne3 f2+ 46. Kf1 h3 47. Rd4 h2
48. Rh4 Bh3+ 49. Ke2 f1=Q+ 50. Nxf1 Bxf1+ 51. Kxf1 Qf8+ 52. Kg2 Qf2+ 0-1

[Event "4NCL Online Division 1"]
[Site "online"]
[Date "2020.04.14"]
[Round "2.42"]
[White "Teh, Eu Wen Aron"]
[Black "Cox, John J"]
[Result "1/2-1/2"]
[WhiteElo "2263"]
[BlackElo "2315"]
[PlyCount "86"]
[EventDate "2020.04.14"]
[WhiteTeam "Grischuk Grizzlies"]
[BlackTeam "Barbican 4NCL"]

1. d4 d5 2. c4 e6 3. Nc3 c6 4. e3 Nf6 5. Nf3 Nbd7 6. Qc2 b6 7. Be2 Bb7 8. O-O
Be7 9. b3 O-O 10. Bb2 Qc7 11. Rad1 Rad8 12. Rfe1 Rfe8 13. Bf1 h6 14. g3 c5 15.
cxd5 Nxd5 16. Nxd5 Bxd5 17. e4 Bb7 18. Bg2 Bf6 19. e5 Be7 20. dxc5 Qxc5 21.
Qxc5 Nxc5 22. Nd4 Bxg2 23. Kxg2 Kf8 24. Ba3 a5 25. Nc6 Rxd1 26. Rxd1 Rc8 27.
Nxe7 Kxe7 28. Rd6 Kf8 29. Rxb6 Kg8 30. Rb5 Nd3 31. Rxa5 Rc2 32. Bd6 Rxf2+ 33.
Kg1 Rd2 34. b4 Rb2 35. b5 Ne1 36. a4 Nf3+ 37. Kf1 Rd2 38. Ra8+ Kh7 39. b6 Nxh2+
40. Ke1 Nf3+ 41. Kf1 Nh2+ 42. Ke1 Nf3+ 43. Kf1 Nh2+ 1/2-1/2

[Event "4NCL Online Division 1"]
[Site "online"]
[Date "2020.04.14"]
[Round "2.43"]
[White "Rogers, Jonathan W"]
[Black "De Vleeschauwer, Maarten"]
[Result "1-0"]
[WhiteElo "2333"]
[BlackElo "2175"]
[PlyCount "55"]
[EventDate "2020.04.14"]
[WhiteTeam "Barbican 4NCL"]
[BlackTeam "Grischuk Grizzlies"]

1. d4 d5 2. Nf3 Nf6 3. e3 e6 4. Bd3 Bd6 5. O-O O-O 6. b3 b6 7. Bb2 Bb7 8. Nbd2
Nbd7 9. a4 Ne4 10. Ne5 f6 11. Nxd7 Qxd7 12. f3 Nxd2 13. Qxd2 c5 14. Rae1 Rac8
15. c3 e5 16. Qc2 f5 17. dxe5 Bxe5 18. c4 Bxb2 19. Qxb2 d4 20. exd4 cxd4 21.
Re5 Rce8 22. Rfe1 Rxe5 23. Rxe5 g6 24. Qe2 Kf7 25. c5 Re8 26. Bb5 Rxe5 27. Qxe5
Qe7 28. Bc4+ 1-0

[Event "4NCL Online Division 1"]
[Site "online"]
[Date "2020.04.14"]
[Round "2.44"]
[White "Mize, Dylan"]
[Black "French, Max"]
[Result "1-0"]
[WhiteElo "1780"]
[BlackElo "2248"]
[PlyCount "53"]
[EventDate "2020.04.14"]
[WhiteTeam "Grischuk Grizzlies"]
[BlackTeam "Barbican 4NCL"]

1. d4 Nf6 2. Nf3 e6 3. c4 b6 4. a3 Bb7 5. Nc3 d5 6. Qc2 Be7 7. cxd5 exd5 8. Bf4
O-O 9. e3 c5 10. Nb5 Nc6 11. dxc5 bxc5 12. Be2 a6 13. Nc3 Rc8 14. Qb3 Na5 15.
Qa2 Qb6 16. Rd1 Rfd8 17. O-O Qa7 18. Ne5 Qa8 19. Bf3 c4 20. Ne2 Bc5 21. h3 Nb3
22. Nd4 Bxd4 23. exd4 Bc6 24. Qb1 Qa7 25. Be3 Re8 26. Qf5 Rcd8 27. Nxc6 1-0

[Event "4NCL Online Division 1"]
[Site "online"]
[Date "2020.04.14"]
[Round "2.51"]
[White "Williams, Simon K"]
[Black "Polaczek, Richard"]
[Result "1/2-1/2"]
[WhiteElo "2464"]
[BlackElo "2363"]
[PlyCount "47"]
[EventDate "2020.04.14"]
[WhiteTeam "Battersea Horses"]
[BlackTeam "Broadland Kestrels"]

1. Nf3 Nf6 2. c4 e6 3. b3 b6 4. Bb2 Bb7 5. g3 d5 6. Bg2 Be7 7. O-O O-O 8. e3 c5
9. Nc3 Nc6 10. d3 Qc7 11. Qe2 Rad8 12. Rac1 Qb8 13. Rfd1 Rfe8 14. Qc2 d4 15.
exd4 Nxd4 16. Nxd4 cxd4 17. Ne4 Bxe4 18. dxe4 e5 19. Qe2 a5 20. Rf1 Bd6 21.
Rcd1 Nd7 22. Kh1 Nc5 23. h4 Bf8 24. h5 1/2-1/2

[Event "4NCL Online Division 1"]
[Site "online"]
[Date "2020.04.14"]
[Round "2.52"]
[White "Duncanson, Henry G"]
[Black "Baker, Chris W"]
[Result "0-1"]
[WhiteElo "2118"]
[BlackElo "2227"]
[PlyCount "126"]
[EventDate "2020.04.14"]
[WhiteTeam "Broadland Kestrels"]
[BlackTeam "Battersea Horses"]

1. e4 c5 2. Nf3 d6 3. d4 cxd4 4. Nxd4 Nf6 5. Nc3 a6 6. Bg5 Nc6 7. Nxc6 bxc6 8.
Bd3 e5 9. O-O Be7 10. Ne2 O-O 11. Ng3 Rb8 12. b3 a5 13. h3 Be6 14. Qe2 Nd7 15.
Be3 Bg5 16. Rfd1 Bxe3 17. Qxe3 Qb6 18. Qg5 Nf6 19. Bc4 h6 20. Qh4 d5 21. Bd3
Rfd8 22. Re1 d4 23. f4 Qc7 24. fxe5 Qxe5 25. Rf1 Qg5 26. Qxg5 hxg5 27. Nf5 Kf8
28. e5 Nh5 29. Rad1 c5 30. Nd6 Nf4 31. g3 Nxd3 32. Rxd3 Ke7 33. Rdf3 Rf8 34.
Nf5+ Bxf5 35. Rxf5 c4 36. Rxg5 d3 37. cxd3 cxb3 38. axb3 Rxb3 39. Ra1 Ra8 40.
e6 a4 41. Rxg7 Kxe6 42. Rg4 a3 43. Re4+ Kd5 44. Rf4 a2 45. Rxf7 Rb1+ 46. Rf1
Rxa1 47. Rxa1 Kd4 48. g4 Kc3 49. Kf2 Kb2 50. Rxa2+ Rxa2 51. Ke3 Ra4 52. d4 Kc3
53. Ke4 Rxd4+ 54. Ke5 Kc4 55. g5 Kc5 56. g6 Rd1 57. g7 Rg1 58. Kf6 Kd6 59. Kf7
Rf1+ 60. Ke8 Re1+ 61. Kf7 Rf1+ 62. Ke8 Re1+ 63. Kf7 Rf1+ 0-1

[Event "4NCL Online Division 1"]
[Site "online"]
[Date "2020.04.14"]
[Round "2.53"]
[White "Bukojemski, Adam"]
[Black "Bin-Suhayl, Ieysaa"]
[Result "1-0"]
[WhiteElo "2202"]
[BlackElo "2193"]
[PlyCount "137"]
[EventDate "2020.04.14"]
[WhiteTeam "Battersea Horses"]
[BlackTeam "Broadland Kestrels"]

1. e4 e6 2. d4 d5 3. Nc3 Nf6 4. e5 Nfd7 5. f4 c5 6. Nf3 Nc6 7. Be3 a6 8. Qd2 b5
9. dxc5 Bxc5 10. Bd3 Qb6 11. Bf2 Bxf2+ 12. Qxf2 Qxf2+ 13. Kxf2 Nc5 14. Ke3 b4
15. Ne2 a5 16. Nfd4 Nxd4 17. Kxd4 Nd7 18. a3 Rb8 19. axb4 axb4 20. Ra7 O-O 21.
Rha1 f6 22. exf6 gxf6 23. Rc7 h6 24. Raa7 Rd8 25. Ng3 Kf8 26. f5 e5+ 27. Kxd5
b3 28. c4 e4 29. Kxe4 Ne5 30. Be2 Rd7 31. Rxd7 Bxd7 32. Nh5 Bc6+ 33. Kf4 Nd7
34. Bf3 Bxf3 35. Kxf3 Ne5+ 36. Ke4 Nxc4 37. Nxf6 Rb4 38. Nd5 Rb8 39. Rh7 Re8+
40. Kd4 Nxb2 41. Rh8+ Kf7 42. Rxe8 Kxe8 43. Kc3 Nd1+ 44. Kxb3 Nf2 45. Kc3 Ng4
46. Kd4 Nxh2 47. Ne3 Kf7 48. Ke4 h5 49. Kf4 h4 50. Kg5 h3 51. gxh3 Nf3+ 52. Kf4
Nd4 53. Ke4 Ne2 54. Ng4 Kg7 55. h4 Kf7 56. Ke5 Ng3 57. Kf4 Nh5+ 58. Kg5 Ng3 59.
Ne5+ Kg7 60. f6+ Kh7 61. Nd7 Ne4+ 62. Kf5 Nd6+ 63. Ke6 Nb7 64. f7 Nd8+ 65. Kf6
Nxf7 66. Kxf7 Kh6 67. Ne5 Kh5 68. Nf3 Kg4 69. Kg6 1-0

[Event "4NCL Online Division 1"]
[Site "online"]
[Date "2020.04.14"]
[Round "2.54"]
[White "Saravanan, Karthik"]
[Black "Midhun, P U."]
[Result "0-1"]
[WhiteElo "1930"]
[BlackElo "2166"]
[PlyCount "92"]
[EventDate "2020.04.14"]
[WhiteTeam "Broadland Kestrels"]
[BlackTeam "Battersea Horses"]

1. e4 e5 2. Nf3 Nc6 3. d4 exd4 4. Nxd4 Nf6 5. Nxc6 bxc6 6. e5 Qe7 7. Qe2 Nd5 8.
c4 Ba6 9. Nd2 g6 10. Nf3 Bg7 11. Bg5 f6 12. exf6 Nxf6 13. Qxe7+ Kxe7 14. O-O-O
d6 15. Bd3 Rae8 16. Rhe1+ Kd7 17. h3 c5 18. b3 Bb7 19. Bc2 Ne4 20. Be3 Nc3 21.
Rd2 Nxa2+ 22. Kb1 Nc3+ 23. Kc1 Na2+ 24. Kb1 Nb4 25. Bxc5 Nxc2 26. Kxc2 Be4+ 27.
Kd1 Bxf3+ 28. gxf3 Rxe1+ 29. Kxe1 Bc3 30. Bd4 Re8+ 31. Kd1 Bxd2 32. Kxd2 Rb8
33. Kc3 Rf8 34. Bxa7 Rxf3+ 35. Be3 Rxh3 36. Kd2 c5 37. Kd3 Kc6 38. Kc3 d5 39.
cxd5+ Kxd5 40. Kd3 h5 41. Ke2 Rh4 42. Bd2 Rd4 43. Bc3 h4 44. Bxd4 cxd4 45. f4
h3 46. Kf2 d3 0-1

[Event "4NCL Online Division 1"]
[Site "online"]
[Date "2020.04.14"]
[Round "2.61"]
[White "Gormally, Daniel W"]
[Black "Pakleza, Zbigniew"]
[Result "0-1"]
[WhiteElo "2575"]
[BlackElo "2500"]
[PlyCount "110"]
[EventDate "2020.04.14"]
[WhiteTeam "Blackthorne Russia"]
[BlackTeam "Celtic Tigers"]

1. d4 d5 2. c4 c6 3. Nf3 Nf6 4. Nc3 dxc4 5. e4 b5 6. Be2 b4 7. Na4 Nxe4 8. Bxc4
e6 9. O-O Be7 10. Re1 Nf6 11. Ne5 O-O 12. Nc5 Bxc5 13. dxc5 Qxd1 14. Rxd1 Ba6
15. Bb3 Nd5 16. a3 bxa3 17. Rxa3 Bb5 18. Bc2 f6 19. Nf3 Na6 20. Nd4 Nxc5 21.
Rh3 g6 22. b3 Rfd8 23. Ba3 Nf4 24. Re3 Na6 25. Nxe6 Rxd1+ 26. Bxd1 Nd5 27. Re4
Nc3 28. Rd4 Re8 29. Bg4 f5 30. Bf3 Rxe6 31. Rd8+ Kf7 32. h4 c5 33. Rh8 h5 34.
Rh7+ Ke8 35. Rxa7 Nb4 36. Rc7 Ne4 37. Bxe4 Rxe4 38. Rxc5 Bd7 39. f3 Re1+ 40.
Kh2 Nd3 41. Ra5 Bc6 42. Ra6 Re6 43. b4 Kd7 44. Ra7+ Kc8 45. Rg7 Be8 46. Rg8 Kb7
47. b5 Bxb5 48. Rg7+ Kc6 49. Be7 Kd5 50. Bg5 Be8 51. Ra7 Re2 52. Ra5+ Kc4 53.
Kg1 Bb5 54. Ra8 Ne1 55. Kf1 Kb4 0-1

[Event "4NCL Online Division 1"]
[Site "online"]
[Date "2020.04.14"]
[Round "2.63"]
[White "Webb, Laurence E"]
[Black "Maciol, Ryszard"]
[Result "0-1"]
[WhiteElo "2410"]
[BlackElo "2215"]
[PlyCount "98"]
[EventDate "2020.04.14"]
[WhiteTeam "Blackthorne Russia"]
[BlackTeam "Celtic Tigers"]

1. d4 Nf6 2. c4 e6 3. Nc3 Bb4 4. Bg5 h6 5. Bh4 c5 6. d5 d6 7. e3 exd5 8. cxd5
O-O 9. Bd3 Nbd7 10. Nge2 Ne5 11. O-O Ng6 12. Bg3 Nh5 13. Qc2 Nxg3 14. Nxg3 Ne5
15. h3 Qe7 16. Bf5 g6 17. Bxc8 Raxc8 18. a3 Ba5 19. Kh2 c4 20. Nb5 a6 21. Nd4
Qh4 22. Qe4 Qxe4 23. Nxe4 Rfd8 24. Rab1 f5 25. Nc3 Nd3 26. Ne6 Rd7 27. Ne2 Nc5
28. N2f4 Kf7 29. h4 Ne4 30. Rbc1 Bd8 31. Nxd8+ Rdxd8 32. Rc2 g5 33. f3 Nf6 34.
Ne6 Rg8 35. e4 g4 36. exf5 Nxd5 37. Re1 gxf3 38. gxf3 Ne7 39. Nd4 Rc5 40. Re3
b5 41. f6 Nd5 42. Re6 Nxf6 43. Rxd6 Rh5 44. Kh3 Rg1 45. Rxa6 Nd5 46. Ne6 Rh1+
47. Kg2 R5xh4 48. Rf2 Ne3+ 49. Kg3 R1h3# 0-1

[Event "4NCL Online Division 1"]
[Site "online"]
[Date "2020.04.14"]
[Round "2.64"]
[White "Kolasinski, Krzysztof"]
[Black "Duncan, Chris R"]
[Result "1-0"]
[WhiteElo "2117"]
[BlackElo "2297"]
[PlyCount "95"]
[EventDate "2020.04.14"]
[WhiteTeam "Celtic Tigers"]
[BlackTeam "Blackthorne Russia"]

1. e4 c5 2. Nf3 d6 3. d4 cxd4 4. Nxd4 Nf6 5. Nc3 g6 6. Be2 Bg7 7. O-O O-O 8.
Re1 Nc6 9. Nb3 Be6 10. Bf1 Rc8 11. Nd5 Ne5 12. Bg5 Bxd5 13. exd5 Nc4 14. Bxc4
Rxc4 15. Qd3 Rc7 16. Re2 Re8 17. Rae1 Qc8 18. c3 Qg4 19. Bxf6 Bxf6 20. Re4 Qf5
21. g4 Qd7 22. h3 a6 23. a4 Qd8 24. f4 h6 25. Kg2 Qb8 26. Nd4 Qa7 27. f5 g5 28.
Nf3 Qc5 29. Nd2 b5 30. axb5 axb5 31. Rb4 Rb8 32. Ree4 Ra7 33. Nb3 Qb6 34. Nd4
Bxd4 35. Qxd4 Qc5 36. h4 Rbb7 37. Qd2 Ra1 38. Red4 f6 39. h5 Rb1 40. Qe2 Ra7
41. Rxb5 Qc7 42. Rc4 Qd7 43. Rb8+ Kg7 44. Rcc8 Raa1 45. Rg8+ Kh7 46. Rh8+ Kg7
47. Rbg8+ Kf7 48. Qe6+ 1-0

[Event "4NCL Online Division 1"]
[Site "online"]
[Date "2020.04.14"]
[Round "2.71"]
[White "Adair, James R"]
[Black "Rudd, Jack"]
[Result "1-0"]
[WhiteElo "2450"]
[BlackElo "2331"]
[PlyCount "43"]
[EventDate "2020.04.14"]
[WhiteTeam "Chessable White Rose 1"]
[BlackTeam "West is Best 1"]

1. d4 d5 2. c4 c6 3. Nf3 Nf6 4. e3 a6 5. Nbd2 b5 6. b3 Bg4 7. h3 Bh5 8. g4 Bg6
9. Ne5 e6 10. c5 Qc7 11. a4 Qb7 12. h4 h5 13. g5 Ng8 14. Nxg6 fxg6 15. Bh3 e5
16. Nf3 e4 17. Ne5 Ne7 18. f3 bxa4 19. Rxa4 a5 20. fxe4 dxe4 21. O-O Nd5 22.
Nxg6 1-0

[Event "4NCL Online Division 1"]
[Site "online"]
[Date "2020.04.14"]
[Round "2.72"]
[White "Toczek, Grzegorz"]
[Black "Sielecki, Christof"]
[Result "1/2-1/2"]
[WhiteElo "2271"]
[BlackElo "2431"]
[PlyCount "164"]
[EventDate "2020.04.14"]
[WhiteTeam "West is Best 1"]
[BlackTeam "Chessable White Rose 1"]

1. e4 c5 2. Nf3 Nc6 3. Bb5 g6 4. Bxc6 dxc6 5. h3 Bg7 6. d3 Qc7 7. Nc3 b6 8. Be3
e5 9. Qd2 h6 10. Nh2 Be6 11. f4 exf4 12. Bxf4 Qe7 13. O-O Nf6 14. Nf3 Nd7 15.
Rae1 g5 16. Bh2 O-O-O 17. Nd5 Qf8 18. Nc7 Qe7 19. a4 Nf8 20. a5 b5 21. Nxe6
Qxe6 22. Qf2 Qe7 23. Qg3 Kb7 24. a6+ Kxa6 25. Ra1+ Kb7 26. Qe1 b4 27. Ra2 Ne6
28. Ne5 Bxe5 29. Bxe5 Nf4 30. Bxf4 gxf4 31. Rxf4 b3 32. cxb3 Rxd3 33. Qf1 Rd7
34. Qa6+ Kb8 35. Qxc6 Rd1+ 36. Rf1 Rxf1+ 37. Kxf1 Rc8 38. Qb5+ Qb7 39. Qxb7+
Kxb7 40. Ke2 Rg8 41. Kf3 Rd8 42. Ke3 Rd1 43. b4 cxb4 44. Ra4 Rg1 45. Rxb4+ Kc6
46. Kf2 Rb1 47. Kg3 a5 48. Rc4+ Kd7 49. Ra4 Rxb2 50. Rxa5 Rb6 51. Kf4 Ke7 52.
g4 Kf6 53. h4 Rb1 54. Ra6+ Kg7 55. Ra3 Rh1 56. h5 Rf1+ 57. Rf3 Rg1 58. Kf5 Rg2
59. e5 Rg1 60. Rf4 Rg2 61. Ke4 Rg1 62. Kd5 Rg2 63. Kd6 Ra2 64. Rc4 Rd2+ 65. Ke7
Re2 66. Kd6 Rd2+ 67. Kc5 Re2 68. Kd5 Re1 69. Rd4 Re2 70. Kd6 Re1 71. Rf4 Ra1
72. Kd5 Ra5+ 73. Ke4 Ra1 74. Kf5 Ra5 75. Rd4 Rb5 76. Re4 Ra5 77. g5 hxg5 78.
Kxg5 Rxe5+ 79. Rxe5 f6+ 80. Kf5 fxe5 81. Kxe5 Kh6 82. Ke4 Kxh5 1/2-1/2

[Event "4NCL Online Division 1"]
[Site "online"]
[Date "2020.04.14"]
[Round "2.73"]
[White "Emms, John M"]
[Black "Kett, Tim"]
[Result "1-0"]
[WhiteElo "2478"]
[BlackElo "2178"]
[PlyCount "117"]
[EventDate "2020.04.14"]
[WhiteTeam "Chessable White Rose 1"]
[BlackTeam "West is Best 1"]

1. e4 e5 2. Nf3 Nc6 3. Bc4 Nf6 4. d3 Bc5 5. c3 O-O 6. Nbd2 d5 7. exd5 Nxd5 8.
Ne4 Bb6 9. O-O Kh8 10. Re1 f6 11. b4 Bg4 12. h3 Bh5 13. Bxd5 Qxd5 14. c4 Qd7
15. c5 Bxf3 16. Qxf3 Nxb4 17. cxb6 Nc2 18. Bb2 Nxe1 19. Rxe1 axb6 20. a3 Rad8
21. Re3 Qb5 22. Qe2 Rd7 23. f3 Rfd8 24. Nf2 Rd5 25. Re4 g5 26. h4 h6 27. Rc4 c5
28. a4 Qd7 29. hxg5 hxg5 30. Rg4 Rxd3 31. Nxd3 Qxd3 32. Kf2 Qd1 33. Bc3 Rd3 34.
Rc4 Qxe2+ 35. Kxe2 Rd5 36. g4 Kg7 37. Bd2 Kf7 38. Be3 Ke6 39. Rc1 Rd8 40. Rb1
Rd6 41. a5 bxa5 42. Rxb7 Rc6 43. Ra7 f5 44. Bxg5 fxg4 45. fxg4 Kd5 46. Be3 Ke4
47. Rxa5 c4 48. g5 c3 49. Rc5 Ra6 50. Rc4+ Kf5 51. Rxc3 Ra2+ 52. Kf3 e4+ 53.
Kg3 Ra5 54. Rb3 Rd5 55. Rb8 Rd3 56. Kf2 Ra3 57. Rf8+ Kg4 58. g6 Ra2+ 59. Ke1
1-0